| 000 | 00382nam a2200145Ia 4500 | ||
|---|---|---|---|
| 008 | 240624s9999 xx 000 0 und d | ||
| 041 | _aeng | ||
| 082 | _a658.421 HIS | ||
| 100 | _aHISRICH ROBERT | ||
| 245 | _aINTERNATIONAL ENTREPRENEURSHIP STARTING | ||
| 250 | _a(2nd ed.) | ||
| 260 |
_c2013 _aLondon _bSage Publications |
||
| 300 | _axiii, : 518 : p. : cm. ; 23 | ||
| 365 |
_c _b38 |
||
| 999 |
_c21865 _d21865 |
||